Statystyki dla Co to za władca-Europa

Kliknij tutaj aby rozwiązać quiz!

Ogólne statystyki

  • Ten quiz został rozwiązany 21 razy
  • Średni wynik to 3 z 10

Statystyki odpowiedzi

PodpowieźOdpowiedź% Poprawnych
Urodził się w Krakowie 27 grudnia 1459 roku. Miał 2 braci i 1 siostrę. Tak jak bracia szkolił się pod okiem Jana Długosza. 23 września 1492 roku został koronowany. Zmarł 17 czerwca 1501 roku w Toruniu.Jan Olbracht
94%
Urodził się 23 sierpnia 686 roku w Herstalu. Był nieślubnym synem Pepina z Heristalu i jego konkubiny Alpaidy. Zwycięstwo wojsk frankijskich pod jego dowództwem w bitwie pod Poitiers w 732 roku powstrzymało pochód Saracenów w kierunku północnej Europy. Zmarł 22 października 741 roku w Quierzy-sur-Oise.Karol Młot
81%
Urodził się 11 listopada 1869 w Neapolu. Król Włoch okres od 29 lipca 1900 do 9 maja 1946
Poprzednik Humbert I, Następca Humbert II. Cesarz Etiopii Okres od 9 maja 1936 roku do 5 maja 1941 roku, Poprzednik Haile Selassie I, Następca Haile Selassie I. Król Albanii Okres od 16 kwietnia 1939 do 8 września 1943 roku, Poprzednik Ahmed Zogu.Zmarł 28 grudnia 1947 roku w Aleksandrii.
Wiktor Emanuel
38%
Urodził się 26 września 1870 roku w Pałacu Charlottenlund pod Kopenhagą. Król Danii okres od 14 maja 1912 roku do 20 kwietnia 1947 roku, Poprzednik Fryderyk VIII, Następca Fryderyk IX
Król Islandii okres od 1 grudnia 1918 roku do 17 czerwca 1944 roku, Następca regent Sveinn Björnsson. Zmarł 20 kwietnia 1947 roku w Amalienborg.
Christian X
25%
Urodził się 5 lipca 1717 roku w Lizbonie. Król Portugalii
okres od 1777 roku do 25 maja 1786 roku. Dynastia Bragança. Ojciec Jan V Wielkoduszny
Matka Maria Anna Habsburg, Żona Maria I od 1760, Dzieci: Józef Jan, Józef Franciszek, Maria Izabela, Maria Anna Portugalska, Maria Klementyna, Jana. Zmarł 25 maja 1786 w Ajudzie.
Piotr
25%
Urodził się 28 listopada 1857 roku w Madrycie. Król Hiszpanii okres od 1874 do 1885 Poprzednik Republika Amadeusz I Sabaudzki (poprzedni król) Następca Alfons XIII Burbon. Zmarł 25 listopada 1885 roku w Pałacu Królewskim El Pardo.
Alfons Burbon
19%
Urodził się 16 stycznia 1844 roku we Wlorze. Premier Albanii okres od 29 listopada 1912 roku
do 22 stycznia 1914 roku, Następca Turhan Pasza Përmeti. Zmarł 24 stycznia 1919 roku w
Perugii
Ismail Qemali
19%
Urodził się 9 marca 1900 roku w Turynie. Król Chorwacji okres od 18 maja 1941 roku do 31 lipca 1943 roku
książę Aosty
okres od 3 marca 1942 roku do 29 stycznia 1948 roku. Zmarł 29 stycznia 1948 roku w Buenos Aires.
Tomisław Sabudzki
13%
Urodził się 24 sierpnia 1772 roku w Hadze. Suwerenny Książę Zjednoczonych Niderlandów okres od 6 grudnia 1813 roku do 16 marca 1815 roku. Poprzednik Napoleon Ludwik Bonaparte
Następca tytuł się przekształcił.
Król Zjednoczonych Niderlandów okres od 16 marca 1815 roku do 4 października 1830 roku
Następca królestwo Niderlandów
król Niderlandów okres od 4 października 1830 roku do 7 października 1840 roku, Poprzednik królestwo Zjednoczonych Niderlandów, Następca Wilhelm II Oranje-Nassau
wielki książę Luksemburga okres od 1815 roku do 7 października 1840 roku Poprzednik panowanie francuskie Następca Wilhelm II Oranje-Nassau. Zmarł 12 grudnia 1843 roku.
Wilhelm Oranje Nassau
13%
Urodził się 7 września 1930 roku w Laeken. Król Belgów okres od 17 lipca 1951 roku, 4–5 czerwca 1990 roku przerwa w sprawowaniu władzy, do 31 lipca 1993 roku
Poprzednik Leopold III Koburg, Następca Albert II Koburg. Zmarł 31 lipca 1993 roku w Motril.
Baldwin Koburg
0%

Rozkład punktacji

Percentyl według liczby udzielonych odpowiedzi

Procent ludzi z każdym wynikiem

Twoja historia wyników

Nie rozwiązałeś tego quizu